000
00234nmm a2200085Ia 4500
008
220120s9999||||xx |||||||||||||||||und||
100
_a
PCQ
245
0
_a
February 2011 : 20 network optimization tools, 20 applicatio
260
_a
Cyber tech
999
_c
139663
_d
139663